| 000 | 00646nam a22002177a 4500 | ||
|---|---|---|---|
| 999 |
_c14258 _d14258 |
||
| 003 | AR-CdUCM | ||
| 008 | 190422b ||||| |||| 00| 0 spa d | ||
| 020 | _a84-246-0750-3 | ||
| 040 |
_aMUNICIPALIDAD PROVINCIAL DEL CUSCO _cBIBLIOTECA MUNICIPAL DEL CUSCO |
||
| 082 |
_aEP / 803 / _bOL47 |
||
| 100 |
_aOllé, M. Angels. _932967 |
||
| 245 | _aEl barco se va / | ||
| 260 |
_aBarcelona : _bLa galera, _c1989. |
||
| 300 |
_c20 cm. _a39 páginas ; |
||
| 440 |
_aColección papacuentos. _932968 |
||
| 505 | _aContenido :El barco se va . | ||
| 650 |
_aCuentos _9217 |
||
| 650 |
_aHistorias _92725 |
||
| 942 |
_2ddc _cLIBROS |
||
| 945 |
_arum _d2019-04-22 |
||